| 000 | 01878nam0a22004091 4500 | ||
|---|---|---|---|
| 001 | RU\NLR\A1SV\98137 | ||
| 005 | 20251119145315.0 | ||
| 035 | _a(NLR Aleph) 009779490 | ||
| 090 |
_a10089637 _c10089637 |
||
| 100 | _a20091015d1926 u y0rusy50 ca | ||
| 101 | 0 | _arus | |
| 102 | _aRU | ||
| 200 | 1 |
_aОчерки кредитного права _fПод ред. [и с предисл.] проф. А.Э.Вормса _gПри участии: проф. М.М.Агаркова, проф. А.Э.Вормса, Л.А.Лунца [и др.] _gНКФ СССР. Ин-т экон. исслед. Фин.-правовая секция |
|
| 210 |
_aМ. _cФин. изд-во НКФ СССР _d1926 |
||
| 215 |
_a165, [2] с. _d24 см |
||
| 327 | 1 |
_aПредисл. / А.Вормс _aДеньги и денежные обязательства / Л.А.Лунц _aЦенные бумаги на предъявителя / М.М.Агарков _aСистема кредитных учреждений / Н.Д.Силин _aЗакон и банковые операции / Л.С.Эльяссон _aРеформа вексельного права / А.Э.Вормс _aЧек и задача его кодификации / Л.С.Эльяссон |
|
| 620 | _dМосква | ||
| 702 | 1 |
_aВормс _bА.Э. _f1868- _gАльфред Эрнестович |
|
| 702 | 1 |
_aАгарков _bМ.М. _f1890-1947 |
|
| 702 | 1 |
_aЛунц _bЛ.А. _f1892-1979 _gЛазарь Адольфович |
|
| 702 | 1 |
_aСилин _bН.Д. |
|
| 702 | 1 |
_aЭльяссон _bЛ.С. |
|
| 801 | 0 |
_aRU _bNLR _c20091015 |
|
| 852 |
_aNLR _j27/30 |
||
| 899 | _aГОПБ | ||
| 899 | _aДГПБ | ||
| 899 | _aСПбГУ | ||
| 899 | _aГПИБ | ||
| 899 | _aНБ БГУЭП | ||
| 899 | _aРГБ | ||
| 899 | _aSLK | ||
| 899 | _aКирОУНБ | ||
| 899 | _aМГУ | ||
| 942 | _cBOOK | ||
| 980 | _aA1SV | ||
| 980 | _aNB | ||